LEADER 01005cam0 2200265 450 001 E600200025007 005 20200825072913.0 010 $a3511006856 100 $a20070202d1972 |||||ita|0103 ba 101 $ager 102 $aIT 200 1 $aRevolution und Restauration uber die Suveranitat$eeine weitere Quellensammlung uber den Begriff der hochsten Gewalt und zugleich ein Beitrag zur Geschichte der Staatstheorien$fAdolf Dock 210 $aAalen$cScientia Verlag$d1972 215 $aXV, 271 p.$d22 cm 300 $aRipr facs. dell'ed.: Strassburg, 1900 700 1$aDock$b, Adolf$3A600200040628$4070$0239221 801 0$aIT$bUNISOB$c20200825$gRICA 850 $aUNISOB 852 $aUNISOB$j900$m62129 912 $aE600200025007 940 $aM 102 Monografia moderna SBN 941 $aM 957 $a900$b001950$gSi$d62129$racquisto$1pregresso1$2UNISOB$3UNISOB$420070202121959.0$520200825072913.0$6rovito 996 $aRevolution und Restauration uber die Suveranitat$9659026 997 $aUNISOB LEADER 01097nam0 2200289 450 001 000037384 005 20250303103225.0 010 $a88-453-0973-8 100 $a20250303d2000----km-y0itay50------ba 101 0 $aita 102 $aIT 105 $ay-------001yy 200 1 $aInnovare il sistema di controllo di gestione$eeconomic value added, benchmarking, e-economy$ele nuove metodologie di valutazione$fGiovanni Azzone 205 $a2. ed. ampliata 210 $aMilano$cEtas$d2000 215 $aXX, 351 p.$d24 cm 225 2 $aContabilità e controllo 410 0$12001$aContabilità e controllo 500 10$aInnovare il sistema di controllo di gestione$9114065 610 1 $aAziende$aGestione$aControllo 676 $a658.401$v23$9GESTIONE ESECUTIVA. PIANIFICAZIONE, FORMAZIONE DEGL'INDIRIZZI, CONTROLLO, GESTIONE DELLA QUALITA 700 1$aAzzone,$bGiovanni$08624 801 0$aIT$bUNIPARTHENOPE$c20250303$gREICAT$2UNIMARC 912 $a000037384 951 $aDISAE 512/731$b6916 ex St.Az.$cNAVA2 996 $aInnovare il sistema di controllo di gestione$9114065 997 $aUNIPARTHENOPE